Pena de muerte y polt̕ica criminal Anuario de derecho penal 2007 /

Bibliographic Details
Main Author: Hurtado Pozo, Još
Format: eBook
Language:Spanish
Published: Lima : Pontificia Universidad Catolica del Peru, 2008
Subjects:
Online Access:Acceso restringido

MARC

LEADER 00000nam a22000007a 4500
005 20120731181159.0
007 cr|||| ||||
008 120731s2008 pe |||||s|||| 00||0 spa d
020 |a 978-9972-42-850-0 
035 |a 6572 
040 |a vLex 
090 |c 3337  |d 3337 
100 1 |a Hurtado Pozo, Još 
245 1 0 |a Pena de muerte y polt̕ica criminal  |h [Recurso electrn̤ico] :  |b Anuario de derecho penal 2007 /  |c Jos ̌Hurtado Pozo  
256 |a Servicio en ln̕ea 
260 |a Lima :  |b Pontificia Universidad Catolica del Peru,  |c 2008 
300 |a 1 recurso electrn̤ico 
506 1 |a Contenido solo disponible en los productos indicados  |d vLex Global   |d vLex Global (Academic Edition, excluding Law Schools)   |d vLex Global (U.S. Academic Edition, Law Schools)   |d vLex Global (U.S. Academic Edition, excluding Law Schools)   |d vLex Global (Academic Edition, Law Schools)  
650 0 4 |a Derecho penal  |z Per︢ 
650 0 4 |a Pena de muerte  |z Per︢ 
740 0 |a vLex Libros (servicio en ln̕ea) 
856 4 0 |u http://vlex.com/source/pena-muerte-politica-criminal-anuario-derecho-penal-2007-6572  |z Acceso restringido 
942 |c BOOK 
999 0 |a Capital punishment 
999 0 |a Penal law